Normal view
MARC view
- E. MOLLOY
Entry Personal Name
001 - CONTROL NUMBER
- control field: 41144
003 - CONTROL NUMBER IDENTIFIER
- control field: NUST
005 - DATE AND TIME OF LATEST TRANSACTION
- control field: 20210314131959.0
008 - FIXED-LENGTH DATA ELEMENTS
- fixed length control field: 210314|| aca||aabn | a|a d
040 ## - CATALOGING SOURCE
- Original cataloging agency: NUST
- Transcribing agency: NUST
100 ## - HEADING--PERSONAL NAME
- Personal name: E. MOLLOY
670 ## - SOURCE DATA FOUND
- Source citation: Work cat.: (NUST): E. MOLLOY., The electrical engineer's reference book/ , c1949.
